Material management / (Record no. 168885)

MARC details
000 -LEADER
fixed length control field 00614nam a22001937a 4500
005 - DATE AND TIME OF LATEST TRANSACTION
control field 20191030164055.0
010 ## - LCCN (DPL NO)
LC control number ENG-126744
020 ## - INTERNATIONAL STANDARD BOOK NUMBER
International Standard Book Number 9789383623242
Terms of availability 850.00
035 ## - SYSTEM CONTROL NUMBER
System control number EN-110275
037 ## - SOURCE OF ACQUISITION
Source of stock number/acquisition DBAD/PUB
082 ## - DEWEY DECIMAL CLASSIFICATION NUMBER
Classification number 658.7
100 ## - MAIN ENTRY--PERSONAL NAME
Personal name Mathur, Akhil
245 ## - TITLE STATEMENT
Title Material management /
Statement of responsibility, etc by Akhil Mathur
260 ## - PUBLICATION, DISTRIBUTION, ETC. (IMPRINT)
Place of publication, distribution, etc Delhi
Name of publisher, distributor, etc Gopal Publishers and Distributors
Date of publication, distribution, etc 2018
270 ## - ADDRESS
Address 1/10390 Street No.9 Mohan Park
City Naveen Shahadra Delhi
Postal code 110032
Electronic mail address gopalpublishersdistributors@gmail.com
300 ## - PHYSICAL DESCRIPTION
Extent vii;288p.
Dimensions 22cm(Hb)
500 ## - GENERAL NOTE
General note Includes index
942 ## - ADDED ENTRY ELEMENTS (KOHA)
Source of classification or shelving scheme Dewey Decimal Classification
Item type English Books
Classification part 658.7
Call number suffix MAT
Holdings
Withdrawn status Lost status Not for loan Collection code Home library Current library Date acquired Source of acquisition Cost, normal purchase price Full call number Barcode Copy number Cost, replacement price Koha item type
    Not For Loan Non-fiction D.B.Act.Division D.B.Act.Division 30/10/2019 DBAD/PUB 850.00 658.7 MAT EN-110276 1 850.00 English Books

© Delhi Public Library
Hit Counter
free hit counter